00421nam a2200169Ia 4500008004100000041001200041082002200053100001900075245003300094365000700127520001300134546001200147630003300159650001300192655001300205730003300218101110s9999 xx 000 0 und d aENGLISH bSR16619a658.8101 aSherlekar S.A. aBusiness Planning and Policy b30 aCommerce aENGLISH aBusiness Planning and Policy aCommerce aCommerce aBusiness Planning and Policy